000 00278nam a2200121Ia 4500
008 191201s2014 xx 000 0 und d
100 _aDIETER, George E
245 0 _aMechanical Metallurgy
250 _aIMP
260 _c2014
_bTMH
_aNEW DELHI
300 _a751
942 _2ddc
_cBK
999 _c8134
_d8134